Mount wilson catalogue of photographic magnititudes in selected areas (Record no. 9096)
[ view plain ]
| 000 -LEADER | |
|---|---|
| fixed length control field | 00537nam a2200157Ia 4500 |
| 003 - CONTROL NUMBER IDENTIFIER | |
| control field | IN-BaIIA |
| 008 - FIXED-LENGTH DATA ELEMENTS--GENERAL INFORMATION | |
| fixed length control field | 211028s9999 xx 000 0 eng d |
| 040 ## - CATALOGING SOURCE | |
| Transcribing agency | IIA Library |
| 100 ## - MAIN ENTRY--PERSONAL NAME | |
| Personal name | Seares, Kapteyn, J. C. |
| 9 (RLIN) | 15269 |
| 245 #0 - TITLE STATEMENT | |
| Title | Mount wilson catalogue of photographic magnititudes in selected areas |
| Statement of responsibility, etc. | Kapteyn, J. C Seares and P. J. Van Rhijn |
| 260 ## - PUBLICATION, DISTRIBUTION, ETC. | |
| Place of publication, distribution, etc. | Washington |
| Name of publisher, distributor, etc. | Carnegie Institution of Washington |
| Date of publication, distribution, etc. | 1930 |
| 650 ## - SUBJECT ADDED ENTRY--TOPICAL TERM | |
| Topical term or geographic name entry element | Magnititudes |
| 9 (RLIN) | 15270 |
| 650 ## - SUBJECT ADDED ENTRY--TOPICAL TERM | |
| Topical term or geographic name entry element | photography |
| 700 ## - ADDED ENTRY--PERSONAL NAME | |
| Personal name | Van Rhijn, P. J. |
| 9 (RLIN) | 15271 |
| 942 ## - ADDED ENTRY ELEMENTS (KOHA) | |
| Koha item type | Books |
| Withdrawn status | Lost status | Damaged status | Not for loan | Home library | Current library | Shelving location | Date acquired | Total Checkouts | Barcode | Date last seen | Price effective from | Koha item type |
|---|---|---|---|---|---|---|---|---|---|---|---|---|
| IIA Library-Bangalore | IIA Library-Kavalur | General Stacks | 24/08/1987 | 9998 | 05/11/2021 | 24/08/1987 | Books |